1551 1644 1197 1004 1574 1344 1027 1783 1740 1488 1302 1399 1340 1431 1132 1815 1209 1924 1710 1374 1097 1061 1170 1690 1801 1988 1173 1570 1393 1405 1992 1208 1678 1608 1061 1671 1699 1284 1576 1780 1152 1480 1155 1840 1050 1073 1465 1242 1414 1530 1831 1635 1933 1400 1894 1886 1949 1371 1415 1651 1455 1507 1006 1062 1599 1896 1794 1960 1450 1235 1540 1389 1485 1592 1972 1365 1968 1347 1622 1394 1001 1650 1821 1521 1970 1614 1876 2000 1764 1262 1835 1161 1500 1776 1918 1342 1459 1714 1602 BCNSPRNW ULIB Ver.6.0+V

เปลี่ยนเป็นภาษาไทย

Change to English
 แสดงรายละเอียดบรรณานุกรม
  กลับหน้าหลัก

Brief Record : Get Marc (ISO 2709) : E-mail record : QR code < ปิดหน้าต่าง
LEADER : 00000nam 2200000uu 4500
001    13399122718
003     ULIB
008    020711s2555 th a 000 0 tha d
020    9789742473778
050  4 DS520^bป526ร
100    ปัณณภัทร
245    เราคืออาเซียน--สิงคโปร์ /^cปัณณภัทร
250    พิมพ์ครั้งที่ 4
260    กรุงเทพฯ :^bอมรินทร์คอมมิกส์,^c2555
300    58 หน้า
440  0 ชุด เราคืออาเซียน
650  7 ประชาคมอาเซียน
650  7 อาเซียน
650  7 สิงคโปร์
945    ^p75^l0^i20157
999    ^aทศพร เกษรทอง
รายการนี้ยังไม่มีแท็ก
คุณยังไม่ได้ล็อกอิน คุณสามารถมีกิจกรรมร่วมกับเว็บไซต์ได้ แต่ต้องล็อกอินก่อน ::
  ล็อกอิน

รายการสื่อสารสนเทศ

ลำดับที่ ประเภท เลขเรียก/บาร์โค้ด สถานที่ สถานะ
1. การศึกษาทั่วไป
การศึกษาทั่วไป
DS520 ป526ร ฉ.1 
  Barcode: 20157
ห้องสมุดวิทยาเขตนครสวรรค์
►หนังสือทั่วไป:l:General Books
บนชั้น

รายการใกล้เคียง
    ผู้แต่ง [ปัณณภัทร]

    หัวเรื่อง [ประชาคมอาเซียน]
    หัวเรื่อง [อาเซียน]
    หัวเรื่อง [สิงคโปร์]

BibComment


ยังไม่เคยถูกคอมเมนท์

คอมเมนท์ทรัพยากรรายการนี้
  คอมเมนท์: เราคืออาเซียนสิงค..


 Copyright 2026. Bcnsprnw @Library